| 000 | 01139cam a2200325 i 4500 | ||
|---|---|---|---|
| 999 |
_c18789 _d18789 |
||
| 001 | 19884143 | ||
| 003 | BDDh-ASL | ||
| 005 | 20231015025733.0 | ||
| 008 | 170810m20009999ii b 000 0 eng | ||
| 010 | _a 2017435443 | ||
| 040 |
_aDLC _beng _erda _cDLC _dBDDh-ASL |
||
| 042 | _apcc | ||
| 050 | 0 | 0 |
_aBS680.S25 _bC56 2000 |
| 082 |
_a273 _bCHT |
||
| 100 | 1 |
_aChowdhury, Ashraf, _eauthor. |
|
| 245 | 1 | 4 |
_aThe true way of salvation in the Bible in support of Koran and Gita : _bD. Litt thesis-book on Bible in support of Koran and Gita / _cAshraf Chowdhury. |
| 250 | _aFirst edition. | ||
| 264 | 1 |
_aBasarkhola, Nadia, West Bengal, India : _bWayesh Karani & Omar Pharuk, _c2000- |
|
| 300 |
_a395 p. : _c18 cm. |
||
| 336 |
_atext _btxt _2rdacontent |
||
| 337 |
_aunmediated _bn _2rdamedia |
||
| 338 |
_avolume _bnc _2rdacarrier |
||
| 504 | _aIncludes bibliographical references. | ||
| 650 | 0 |
_aSalvation _xBiblical teaching. |
|
| 650 | 0 |
_aSalvation _xHinduism. |
|
| 650 | 0 |
_aSalvation _xIslam. |
|
| 906 |
_a7 _bcbc _corigres _d3 _encip _f20 _gy-gencatlg |
||
| 942 |
_2ddc _cBK |
||